<?xml version="1.0" encoding="UTF-8"?>
<record
    xmlns:xsi="http://www.w3.org/2001/XMLSchema-instance"
    xsi:schemaLocation="http://www.loc.gov/MARC21/slim http://www.loc.gov/standards/marcxml/schema/MARC21slim.xsd"
    xmlns="http://www.loc.gov/MARC21/slim">

  <leader>01721nam0a22003611  4500</leader>
  <controlfield tag="001">v19\rc\1689000</controlfield>
  <controlfield tag="005">20260408042033.0</controlfield>
  <datafield tag="035" ind1=" " ind2=" ">
    <subfield code="a">(NLR Aleph) 004793267</subfield>
  </datafield>
  <datafield tag="090" ind1=" " ind2=" ">
    <subfield code="a">4751693</subfield>
    <subfield code="c">4751693</subfield>
  </datafield>
  <datafield tag="100" ind1=" " ind2=" ">
    <subfield code="a">20061002d1896    |||y0rusy50      ca</subfield>
  </datafield>
  <datafield tag="101" ind1="0" ind2=" ">
    <subfield code="a">rus</subfield>
  </datafield>
  <datafield tag="102" ind1=" " ind2=" ">
    <subfield code="a">RU</subfield>
  </datafield>
  <datafield tag="105" ind1=" " ind2=" ">
    <subfield code="a">y   b   |||||</subfield>
  </datafield>
  <datafield tag="200" ind1="1" ind2=" ">
    <subfield code="a">&#x41A;&#x430;&#x442;&#x430;&#x43B;&#x43E;&#x433; &#x432;&#x44B;&#x441;&#x442;&#x430;&#x432;&#x43B;&#x435;&#x43D;&#x43D;&#x44B;&#x445; &#x43F;&#x440;&#x435;&#x434;&#x43C;&#x435;&#x442;&#x43E;&#x432;</subfield>
    <subfield code="f">&#x412;&#x441;&#x435;&#x440;&#x43E;&#x441;. &#x445;&#x443;&#x434;&#x43E;&#x436;.-&#x43F;&#x440;&#x43E;&#x43C;. &#x432;&#x44B;&#x441;&#x442;. &#x41D;.-&#x41D;&#x43E;&#x432;&#x433;&#x43E;&#x440;&#x43E;&#x434;, 1896. &#x421;&#x44B;&#x441;&#x435;&#x440;&#x442;. &#x433;&#x43E;&#x440;&#x43D;. &#x437;-&#x434;&#x44B; &#x433;.&#x433;. &#x421;&#x43E;&#x43B;&#x43E;&#x43C;&#x438;&#x440;&#x441;&#x43A;&#x43E;&#x433;&#x43E; &#x438; &#x43D;&#x430;&#x441;&#x43B;. &#x422;&#x443;&#x440;&#x447;&#x430;&#x43D;&#x438;&#x43D;&#x43E;&#x432;&#x44B;&#x445;. &#x41E;&#x442;&#x434;. VII (&#x413;&#x43E;&#x440;&#x43D;&#x44B;&#x439;)</subfield>
  </datafield>
  <datafield tag="210" ind1=" " ind2=" ">
    <subfield code="a">&#x41F;&#x435;&#x440;&#x43C;&#x44C;</subfield>
    <subfield code="d">1896</subfield>
  </datafield>
  <datafield tag="215" ind1=" " ind2=" ">
    <subfield code="a">23 &#x441;.</subfield>
  </datafield>
  <datafield tag="601" ind1="0" ind2="2">
    <subfield code="a">&#x412;&#x441;&#x435;&#x440;&#x43E;&#x441;&#x441;&#x438;&#x439;&#x441;&#x43A;&#x430;&#x44F; &#x43F;&#x440;&#x43E;&#x43C;&#x44B;&#x448;&#x43B;&#x435;&#x43D;&#x43D;&#x430;&#x44F; &#x438; &#x445;&#x443;&#x434;&#x43E;&#x436;&#x435;&#x441;&#x442;&#x432;&#x435;&#x43D;&#x43D;&#x430;&#x44F; &#x432;&#x44B;&#x441;&#x442;&#x430;&#x432;&#x43A;&#x430;</subfield>
    <subfield code="e">&#x41D;&#x438;&#x436;&#x43D;&#x438;&#x439; &#x41D;&#x43E;&#x432;&#x433;&#x43E;&#x440;&#x43E;&#x434;, &#x433;&#x43E;&#x440;&#x43E;&#x434;</subfield>
    <subfield code="f">1896</subfield>
    <subfield code="j">&#x41A;&#x430;&#x442;&#x430;&#x43B;&#x43E;&#x433;&#x438;</subfield>
    <subfield code="9">2314082</subfield>
    <subfield code="3">RU\NLR\AUTH\6601610177</subfield>
  </datafield>
  <datafield tag="601" ind1="0" ind2="2">
    <subfield code="a">&#x421;&#x44B;&#x441;&#x435;&#x440;&#x442;&#x441;&#x43A;&#x438;&#x435; &#x433;&#x43E;&#x440;&#x43D;&#x44B;&#x435; &#x437;&#x430;&#x432;&#x43E;&#x434;&#x44B;</subfield>
    <subfield code="c">&#x41F;&#x435;&#x440;&#x43C;&#x441;&#x43A;&#x430;&#x44F; &#x433;&#x443;&#x431;&#x435;&#x440;&#x43D;&#x438;&#x44F;</subfield>
    <subfield code="j">&#x41A;&#x430;&#x442;&#x430;&#x43B;&#x43E;&#x433;&#x438;</subfield>
    <subfield code="9">2545692</subfield>
    <subfield code="3">RU\NLR\AUTH\6601720112</subfield>
  </datafield>
  <datafield tag="686" ind1="1" ind2=" ">
    <subfield code="a">&#x429;101.3(2&#x420;)-2&#x41D;&#x438;&#x436;&#x43D;&#x438;&#x439; &#x41D;&#x43E;&#x432;&#x433;&#x43E;&#x440;&#x43E;&#x434;</subfield>
  </datafield>
  <datafield tag="686" ind1="3" ind2=" ">
    <subfield code="a">&#x423;9(28)&#x43B;6</subfield>
  </datafield>
  <datafield tag="686" ind1="3" ind2=" ">
    <subfield code="a">&#x423;30(28)541.092&#x43B;6</subfield>
  </datafield>
  <datafield tag="711" ind1="0" ind2="2">
    <subfield code="a">&#x421;&#x44B;&#x441;&#x435;&#x440;&#x442;&#x441;&#x43A;&#x438;&#x435; &#x433;&#x43E;&#x440;&#x43D;&#x44B;&#x435; &#x437;&#x430;&#x432;&#x43E;&#x434;&#x44B;</subfield>
    <subfield code="c">&#x41F;&#x435;&#x440;&#x43C;&#x441;&#x43A;&#x430;&#x44F; &#x433;&#x443;&#x431;.</subfield>
    <subfield code="3">RU\NLR\AUTH\8810189365</subfield>
    <subfield code="9">870263</subfield>
  </datafield>
  <datafield tag="711" ind1="1" ind2="2">
    <subfield code="a">&#x412;&#x441;&#x435;&#x440;&#x43E;&#x441;&#x441;&#x438;&#x439;&#x441;&#x43A;&#x430;&#x44F; &#x43F;&#x440;&#x43E;&#x43C;&#x44B;&#x448;&#x43B;&#x435;&#x43D;&#x43D;&#x430;&#x44F; &#x438; &#x445;&#x443;&#x434;&#x43E;&#x436;&#x435;&#x441;&#x442;&#x432;&#x435;&#x43D;&#x43D;&#x430;&#x44F; &#x432;&#x44B;&#x441;&#x442;&#x430;&#x432;&#x43A;&#x430;</subfield>
    <subfield code="d">16</subfield>
    <subfield code="f">1896</subfield>
    <subfield code="e">&#x41D;&#x438;&#x436;&#x43D;&#x438;&#x439; &#x41D;&#x43E;&#x432;&#x433;&#x43E;&#x440;&#x43E;&#x434;</subfield>
    <subfield code="3">RU\NLR\AUTH\8810020303</subfield>
    <subfield code="9">538602</subfield>
  </datafield>
  <datafield tag="801" ind1=" " ind2="0">
    <subfield code="a">RU</subfield>
    <subfield code="b">NLR</subfield>
    <subfield code="g">psbo</subfield>
  </datafield>
  <datafield tag="801" ind1=" " ind2="0">
    <subfield code="a">RU</subfield>
    <subfield code="b">RuMoRGB</subfield>
    <subfield code="2">psbo</subfield>
  </datafield>
  <datafield tag="801" ind1=" " ind2="1">
    <subfield code="a">RU</subfield>
    <subfield code="b">ProSoft-M</subfield>
    <subfield code="2">rusmarc</subfield>
  </datafield>
  <datafield tag="852" ind1=" " ind2=" ">
    <subfield code="a">NLR</subfield>
    <subfield code="j">18.250.4.163</subfield>
  </datafield>
  <datafield tag="852" ind1=" " ind2=" ">
    <subfield code="a">NLR</subfield>
    <subfield code="j">18.250.4.181</subfield>
  </datafield>
  <datafield tag="942" ind1=" " ind2=" ">
    <subfield code="c">BOOK</subfield>
  </datafield>
  <datafield tag="980" ind1=" " ind2=" ">
    <subfield code="a">NB</subfield>
  </datafield>
  <datafield tag="995" ind1=" " ind2=" ">
    <subfield code="5">2013-10-26</subfield>
    <subfield code="b">NLR02</subfield>
    <subfield code="c">NLR02</subfield>
    <subfield code="e">RFS</subfield>
    <subfield code="f">1-4900287</subfield>
    <subfield code="k">18.250.4.163</subfield>
    <subfield code="o">0</subfield>
    <subfield code="r">BOOK</subfield>
    <subfield code="s">182504163_</subfield>
  </datafield>
  <datafield tag="995" ind1=" " ind2=" ">
    <subfield code="5">2013-10-26</subfield>
    <subfield code="b">NLR02</subfield>
    <subfield code="c">NLR02</subfield>
    <subfield code="e">RFS</subfield>
    <subfield code="f">4793267-20</subfield>
    <subfield code="k">18.250.4.181</subfield>
    <subfield code="o">0</subfield>
    <subfield code="r">BOOK</subfield>
    <subfield code="s">182504181_</subfield>
  </datafield>
</record>
